000 00863cam a22002771a 4500
001 34527
003 BD-RjUL
005 20211209052155.0
008 140517s1961 njuab b 001 0 eng
035 _a(BD-RjUL)34621
040 _aDLC
_cODaWU
_dMoSU-L
_dBD-RjUL
_beng
041 _aeng
082 0 4 _a307.76072
_bURB 1961
245 0 0 _aUrban research methods /
_cedited by Jack P. Gibbs.
260 _aPrinceton, N.J. :
_bVan Nostrand,
_cc1961.
300 _axxii, 625 p. :
_bill., maps ;
_c24 cm.
500 _aIncludes index and tables.
504 _aBibliography: p. 581-621.
650 0 _aCities and towns
_xResearch.
_9105022
650 0 _aCities and towns
_zUnited States.
_9105023
700 1 _aGibbs, Jack P.
_919170
942 _2ddc
_cBK
999 _c34527
_d34527